| 000 | 00881nam a2200253Ia 4500 | ||
|---|---|---|---|
| 003 | OSt | ||
| 005 | 20221005112610.0 | ||
| 006 | a|||||r|||| 00| 0 | ||
| 007 | ta | ||
| 008 | 221004b |||||||| |||| 00| 0 pan d | ||
| 020 |
_a9789350688786 (hbk) _c595 |
||
| 024 | _a26770 | ||
| 037 |
_b985, 16/12/2015, H.K. Prakashan _cTextual |
||
| 040 |
_aCRL _cCRL _bpan |
||
| 041 |
_2pan _apan |
||
| 082 | _aO153,3NPA6,BS, Q4 | ||
| 100 | _aਪਰਵਾਨਾ, ਬਲਬੀਰ | ||
| 245 | 0 | _aਬਹੁਤ ਸਾਰੇ ਚੁਰੱਸਤੇ | |
| 260 |
_aਚੰਡੀਗੜ੍ਹ _bਲੋਕਗੀਤ ਪ੍ਰਕਾFਨ ਭਾਰਤ _c2014 |
||
| 300 |
_a528ਪੰ _ccm. |
||
| 650 | _aਪੰਜਾਬੀ ਸਾਹਿਤ | ||
| 942 |
_hO153,3NPA6,BS, Q4 _cTEXL _2cc |
||
| 999 |
_c1025382 _d1025382 |
||